书目信息 |
| 题名: |
村镇基础设施规划与建设
|
|
| 作者: | 朱建达 , 苏群 编著 | |
| 分册: | ||
| 出版信息: | 南京 东南大学出版社 2008.01 |
|
| 页数: | 408页 | |
| 开本: | 24cm | |
| 丛书名: | 江苏农家书屋 | |
| 单 册: | ||
| 中图分类: | TU99 , TU982.29 | |
| 科图分类: | ||
| 主题词: | 乡村建设--xiang cun jian she--基础设施--乡村规划 | |
| 电子资源: | ||
| ISBN: | 978-7-5641-0463-4 | |
| 000 | 01039nam 2200289 450 | |
| 001 | 012008290501 | |
| 005 | 20080509092454.55 | |
| 010 | @a978-7-5641-0463-4@dCNY49.00 | |
| 100 | @a20080509d2008 em y0chiy0120 ea | |
| 101 | 0 | @achi |
| 102 | @aCN@b320000 | |
| 105 | @aak a 000yy | |
| 106 | @ar | |
| 200 | 1 | @a村镇基础设施规划与建设@Acun zhen ji chu she shi gui hua yu jian she@f朱建达, 苏群编著@Fzhu jian da,su qun bian zhu |
| 210 | @a南京@c东南大学出版社@d2008.01 | |
| 215 | @a408页@c图@d24cm | |
| 225 | 2 | @a江苏农家书屋@Ajiang su nong jia shu wu@i村镇规划与建设丛书 |
| 320 | @a有书目 | |
| 330 | @a本书的主要内容包括:村镇基础设施规划总论、村镇道路交通规划、村镇给水工程规划、村镇排水工程规划、村镇供电工程规划等。 | |
| 410 | 0 | @12001 @a江苏农家书屋@i村镇规划与建设丛书 |
| 606 | 0 | @a乡村建设@Axiang cun jian she@x基础设施@x乡村规划 |
| 690 | @aTU99@v4 | |
| 690 | @aTU982.29@v4 | |
| 701 | 0 | @a朱建达@Azhu jian da@4编著 |
| 701 | 0 | @a苏群@Asu qun@4编著 |
| 801 | 0 | @aCN@bQSSK@c20080509 |
| 905 | @b709493-95@dTU99@eZ850@f3 | |
| 村镇基础设施规划与建设/朱建达, 苏群编著.-南京:东南大学出版社,2008.01 |
| 408页:图;24cm.-(江苏农家书屋.村镇规划与建设丛书) |
| ISBN 978-7-5641-0463-4:CNY49.00 |
| 本书的主要内容包括:村镇基础设施规划总论、村镇道路交通规划、村镇给水工程规划、村镇排水工程规划、村镇供电工程规划等。 |
| ● |
| 相关链接 |
|
|
|
正题名:村镇基础设施规划与建设
索取号:TU99/Z850
 
预约/预借
| 序号 | 登录号 | 条形码 | 馆藏地/架位号 | 状态 | 备注 |
| 1 | 709493 | 207094936 | 建筑库201/ [索取号:TU99/Z850] | 在馆 | |
| 2 | 709494 | 207094945 | 建筑库201/201建筑库 123排2列1层/ [索取号:TU99/Z850] | 在馆 | |
| 3 | 709495 | 207094954 | 建筑库201/201建筑库 123排2列1层/ [索取号:TU99/Z850] | 在馆 |